Účtovníctvo 3 osobitosti účtovníctva základných odvetví a makroekonomické informácie

Gespeichert in:
Bibliographische Detailangaben
1. Verfasser: Šlauka, Milan
Format: Buch
Sprache:Slowakisch
Veröffentlicht: Bratislava Slovenské pedagogické nakladateľstvo 1972
Tags: Tag hinzufügen
Keine Tags, Fügen Sie das erste Tag hinzu!

MARC

LEADER 00000nam a2200000 4500
001 c131812
005 20041019155253.4
041 0 |a slo 
044 |a SK 
245 1 0 |a Účtovníctvo 3  |b osobitosti účtovníctva základných odvetví a makroekonomické informácie  |c Milan Šlauka 
264 1 |a Bratislava  |b Slovenské pedagogické nakladateľstvo  |c 1972 
300 |a 233 s. 
100 1 |a Šlauka, Milan